000 01380nam a2200313 a 4500
001 69565
003 BD-RjUL
005 20211209081913.0
008 170412s1983 enka b 101 0 eng d
020 _a0632011424
035 _a(BD-RjUL)69777
040 _aBD-RjUL
_beng
_cBD-RjUL
041 _aeng
082 _223
_a577.34
_bTRO 1983
245 1 0 _aTropical rain forest :
_becology and management /
_cedited by S.L. Sutton, T.C. Whitmore and A.C. Chadwick
260 _aOxford :
_bBlackwell Scientific,
_c1983
300 _axiii, 498 p. :
_bill. ;
_c26 cm.
490 1 _aSpecial publication / British Ecological Society ;
_vno. 2
500 _aProceedings of the Leeds Symposium on Tropical Rain Forest Ecology and Resource Management held at Leeds University at Easter 1982 to celebrate the 21st anniversary of the foundation of the Tropical Group of the British Ecological Society
504 _aIncludes bibliographies and indexes
650 0 _aJungle ecology
_xCongresses
_9206052
650 0 _aRain forests
_xCongresses
_9206053
700 1 _aChadwick, A. C.
_9206054
700 1 _aSutton, S. L.
_q(Stephen Laurence),
_d1938-
_9206055
700 1 _aWhitmore, T. C.
_q(Timothy Charles)
_9206056
710 2 _aBritish Ecological Society.
_bTropical Group.
_9206057
830 0 _aSpecial publication ... of the British Ecological Society ;
_vno. 2
_9206062
942 _2ddc
_cBK
999 _c69565
_d69565